Агрегат для изготовления сухого молока; Исследования молодых - регионам; Т. 1

Bibliografiske detaljer
Parent link:Исследования молодых - регионам: сборник трудов I Всероссийской научно-практической конференции, 29-31 марта 2011 г., г. Томск/ Национальный исследовательский Томский политехнический университет (ТПУ), Новокузнецкий филиал (НФ); под ред. С. И. Каковихиной.— , 2011
Т. 1.— 2011.— C. 240-242
Hovedforfatter: Максимов А. С.
Andre forfattere: Осипова Н. А. (научный руководитель)
Sprog:russisk
Udgivet: 2011
Serier:Прикладные исследования в предметных областях знаний (физика, химия)
Fag:
Format: MixedMaterials Book Chapter
KOHA link:https://koha.lib.tpu.ru/cgi-bin/koha/opac-detail.pl?biblionumber=248716

MARC

LEADER 00000naa2a2200000 4500
001 248716
005 20231031212626.0
035 |a (RuTPU)RU\TPU\book\270582 
035 |a RU\TPU\book\270577 
090 |a 248716 
100 |a 20140125d2011 k y0rusy50 ca 
101 0 |a rus 
102 |a RU 
200 1 |a Агрегат для изготовления сухого молока  |f А. С. Максимов  |g науч. рук. Н. А. Осипова 
225 1 |a Прикладные исследования в предметных областях знаний (физика, химия) 
320 |a Библиогр.: с. 242 (1 назв.) 
461 1 |0 (RuTPU)RU\TPU\book\251726  |t Исследования молодых - регионам  |o сборник трудов I Всероссийской научно-практической конференции, 29-31 марта 2011 г., г. Томск  |f Национальный исследовательский Томский политехнический университет (ТПУ), Новокузнецкий филиал (НФ); под ред. С. И. Каковихиной  |d 2011 
463 0 |0 (RuTPU)RU\TPU\book\250366  |y 978-5-98298-906-2  |t Т. 1  |v C. 240-242  |d 2011  |p 340 с. 
610 1 |a агрегаты 
610 1 |a сухое молоко 
610 1 |a молочные продукты 
610 1 |a сушка 
610 1 |a сушилки 
610 1 |a подсобное хозяйство 
700 1 |a Максимов  |b А. С. 
702 1 |a Осипова  |b Н. А.  |4 727 
801 1 |a RU  |b 63413507  |c 20131111 
801 2 |a RU  |b 63413507  |c 20140125  |g RCR 
942 |c BK